000 01334nam0a2200349 4500
001 RU\NLR\bibl\1249886
005 20250615123626.0
010 _a978-5-7281-0990-7
_9300
021 _aRU
_b2008-37049
_92039
035 _a(NLR Aleph) 001235990
090 _a228438
_c228438
100 _a20080708d2007 |||y0rusy50 ca
101 0 _arus
_deng
_eeng
102 _aRU
105 _ay |||||||||
200 1 _aКульты и культура
_eот Елены Блаватской до Рона Хаббарда
_fБ. З. Фаликов
_g[Рос. гос. гуманит. ун-т]
210 _aМосква
_cРоссийский государственный гуманитарный университет
_d2007
215 _a264, [2] с.
_d21
300 _aРез. на англ. яз.
320 _aБиблиогр. в примеч. и библиогр.: с. 246-260
606 1 _aРелигия
_z20 - 21 вв.
_92379373
_3RU\NLR\auth\661419720
606 1 _aКульт религиозный
_91473895
_3RU\NLR\auth\66626346
686 _aЭ239(0)63
686 _aЭ2
700 1 _aФаликов
_bБ. З.
_gБорис Зиновьевич
_4070
801 0 _aRU
_bNLR
_c20080708
_gRCR
801 1 _aRU
_bNLR
_c20080708
830 _aавт. по кн.
942 _cBOOK
980 _aNB